000 00359nam a22001457a 4500
003 macl
005 20190905160057.0
008 190905b xxu||||| |||| 00| 0 eng d
040 _cmacl
100 _aSharma, Mukesh
_93575
245 _aBasic Concepts and Features of GST
260 _aGuwahati
_bMatri Pub
_c2016
650 _aTax
_926165
942 _2ddc
_cBK
999 _c60962
_d60962